Znižovanie kúpnej sily vybraných mien k porovnávaciemu etalónu (zlato) v období od veľkej hospodárskej krízy po súčasnosť bakalárska práca

Salvato in:
Dettagli Bibliografici
Autore principale: Hatrák, Marek
Ente Autore: Obchodná fakulta EU. Katedra medzinárodného obchodu
Altri autori: Turan, Alexander
Natura: Libro
Lingua:slovacco
Pubblicazione: Bratislava 2012
Tags: Aggiungi Tag
Nessun Tag, puoi essere il primo ad aggiungerne!!

MARC

LEADER 00000nbm a2200000 4500
001 0154281
005 20161109111832.4
041 0 |a slo 
044 |a SK 
245 1 0 |a Znižovanie kúpnej sily vybraných mien k porovnávaciemu etalónu (zlato) v období od veľkej hospodárskej krízy po súčasnosť  |b bakalárska práca  |c Marek Hatrák ; školiteľ: Alexander Turan 
264 1 |a Bratislava  |c 2012 
300 |a 54 s. 
100 1 |a Hatrák, Marek 
700 1 |a Turan, Alexander 
710 2 |a Obchodná fakulta EU. Katedra medzinárodného obchodu